[Event "ITA-ch U12"]
[Site "Tarvisio"]
[Date "2023.07.08"]
[Round "8"]
[White "Slobodyan, Arseniy"]
[Black "Faldetta, Antonio"]
[Result "1-0"]
[WhiteElo "1349"]
[BlackElo "1597"]
[PlyCount "89"]
[EventDate "2023.07.02"]
[EventType "swiss"]
[EventRounds "9"]
[EventCountry "ITA"]
[SourceTitle "EXT 2024"]
[Source "ChessBase"]
[SourceDate "2023.10.10"]
[SourceVersion "1"]
[SourceVersionDate "2023.10.10"]
[SourceQuality "1"]

1. e4 c5 2. Nf3 Nc6 3. d4 cxd4 4. Nxd4 e5 5. Nxc6 bxc6 6. Nc3 Nf6 7. Bd3 Be7 8. 0-0 0-0 9. Bg5 h6 10. Bh4 Nxe4 11. Bxe7 Nxc3 12. Bxd8 Nxd1 13. Be7 Nxb2 14. Bxf8 Kxf8 15. Be2 Na4 16. f4 Nc3 17. Bg4 e4 18. a4 d5 19. Ra3 d4 20. Bxc8 Rxc8 21. Kf2 Rb8 22. Rb3 Rxb3 23. cxb3 a5 24. b4 e3+ 25. Kf3 Ke7 26. bxa5 Kd7 27. Rc1 e2 28. Kf2 c5 29. Rxc3 dxc3 30. Kxe2 c4 31. Kd1 Kc6 32. Kc2 Kb7 33. Kxc3 Ka6 34. Kxc4 Kxa5 35. Kd5 Kxa4 36. Kd6 Kb5 37. Ke7 f5 38. Ke6 g6 39. Kf6 g5 40. fxg5 hxg5 41. Kxg5 Kc6 42. Kxf5 Kd7 43. Kf6 Ke8 44. Kg7 Ke7 45. h4 1-0